<?xml version="1.0" encoding="UTF-8"?>
<record
    xmlns:xsi="http://www.w3.org/2001/XMLSchema-instance"
    xsi:schemaLocation="http://www.loc.gov/MARC21/slim http://www.loc.gov/standards/marcxml/schema/MARC21slim.xsd"
    xmlns="http://www.loc.gov/MARC21/slim">

  <leader>01154nam a22002537a 4500</leader>
  <controlfield tag="005">20170124102921.0</controlfield>
  <datafield tag="010" ind1=" " ind2=" ">
    <subfield code="a">B-111140</subfield>
  </datafield>
  <datafield tag="020" ind1=" " ind2=" ">
    <subfield code="a">8171323146</subfield>
    <subfield code="c">300.00</subfield>
  </datafield>
  <datafield tag="035" ind1=" " ind2=" ">
    <subfield code="a">B-111140</subfield>
  </datafield>
  <datafield tag="037" ind1=" " ind2=" ">
    <subfield code="b">Cen Lib/Ret</subfield>
  </datafield>
  <datafield tag="040" ind1=" " ind2=" ">
    <subfield code="a">DPL</subfield>
    <subfield code="b">HN</subfield>
  </datafield>
  <datafield tag="082" ind1=" " ind2=" ">
    <subfield code="a">362.7</subfield>
  </datafield>
  <datafield tag="245" ind1=" " ind2=" ">
    <subfield code="a">&#x92C;&#x93E;&#x932; &#x936;&#x94D;&#x930;&#x92E; &#x915;&#x947; &#x909;&#x928;&#x94D;&#x92E;&#x942;&#x932;&#x928; :</subfield>
    <subfield code="b">&#x90F;&#x915; &#x91A;&#x941;&#x928;&#x94C;&#x924;&#x940; /</subfield>
    <subfield code="c">&#x927;&#x94D;&#x930;&#x941;&#x935; &#x915;&#x941;&#x92E;&#x93E;&#x930; &#x926;&#x940;&#x915;&#x94D;&#x937;&#x93F;&#x924; &#x926;&#x94D;&#x935;&#x93E;&#x930;&#x93E; &#x938;&#x902;&#x92A;&#x93E;&#x926;&#x93F;&#x924;</subfield>
  </datafield>
  <datafield tag="246" ind1=" " ind2=" ">
    <subfield code="a">Bal sharm ka anmoolan : ek chunuti /</subfield>
    <subfield code="b">edited by dhruv kumar dikshit</subfield>
  </datafield>
  <datafield tag="260" ind1=" " ind2=" ">
    <subfield code="a"> &#x91C;&#x92F;&#x92A;&#x941;&#x930;</subfield>
    <subfield code="b"> &#x92A;&#x949;&#x907;&#x902;&#x91F;&#x930; &#x92A;&#x92C;&#x94D;&#x932;&#x93F;&#x936;&#x930;</subfield>
    <subfield code="c">2002</subfield>
  </datafield>
  <datafield tag="270" ind1=" " ind2=" ">
    <subfield code="a"> &#x92C;&#x93F;&#x92F;&#x938;. &#x92C;&#x93F;&#x932;&#x94D;&#x921;&#x93F;&#x902;&#x917;, &#x90F;&#x92E;. &#x90F;&#x92E;. &#x90F;&#x938;. &#x939;&#x93E;&#x908;&#x935;&#x947;</subfield>
    <subfield code="b"> &#x91C;&#x92F;&#x92A;&#x941;&#x930;</subfield>
    <subfield code="e">302003</subfield>
  </datafield>
  <datafield tag="300" ind1=" " ind2=" ">
    <subfield code="a">xii,139&#x92A;&#x943;. :</subfield>
    <subfield code="c">22&#x938;&#x947;&#x92E;&#x940;(&#x938;&#x91C;&#x93F;&#x932;&#x94D;&#x926;)</subfield>
  </datafield>
  <datafield tag="650" ind1=" " ind2=" ">
    <subfield code="a"> &#x938;&#x93E;&#x92E;&#x93E;&#x91C;&#x93F;&#x915; &#x938;&#x92E;&#x938;&#x94D;&#x92F;&#x93E;</subfield>
    <subfield code="9">239</subfield>
  </datafield>
  <datafield tag="650" ind1=" " ind2=" ">
    <subfield code="a">&#x92C;&#x93E;&#x932; &#x936;&#x94D;&#x930;&#x92E; &#x938;&#x92E;&#x93E;&#x927;&#x93E;&#x928;</subfield>
    <subfield code="9">240</subfield>
  </datafield>
  <datafield tag="650" ind1=" " ind2=" ">
    <subfield code="a">Social problem</subfield>
    <subfield code="9">241</subfield>
  </datafield>
  <datafield tag="650" ind1=" " ind2=" ">
    <subfield code="a">Child labor solution</subfield>
    <subfield code="9">242</subfield>
  </datafield>
  <datafield tag="700" ind1=" " ind2=" ">
    <subfield code="a"> &#x926;&#x940;&#x915;&#x94D;&#x937;&#x93F;&#x924;, &#x927;&#x94D;&#x930;&#x941;&#x935; &#x915;&#x941;&#x92E;&#x93E;&#x930;</subfield>
    <subfield code="9">243</subfield>
  </datafield>
  <datafield tag="942" ind1=" " ind2=" ">
    <subfield code="2">ddc</subfield>
    <subfield code="c">HN</subfield>
    <subfield code="h">362.7</subfield>
    <subfield code="m">&#x926;&#x940;&#x915;&#x94D;&#x937;&#x93F;&#x924;</subfield>
  </datafield>
  <datafield tag="999" ind1=" " ind2=" ">
    <subfield code="c">111280</subfield>
    <subfield code="d">111280</subfield>
  </datafield>
  <datafield tag="952" ind1=" " ind2=" ">
    <subfield code="0">0</subfield>
    <subfield code="1">0</subfield>
    <subfield code="4">0</subfield>
    <subfield code="7">1</subfield>
    <subfield code="8">REF</subfield>
    <subfield code="a">L</subfield>
    <subfield code="b">L</subfield>
    <subfield code="d">2015-05-23</subfield>
    <subfield code="e">Cen Lib/Ret</subfield>
    <subfield code="g">300.00</subfield>
    <subfield code="l">0</subfield>
    <subfield code="o">362.7&#x926;&#x940;&#x915;&#x94D;&#x937;&#x93F;&#x924;</subfield>
    <subfield code="p">B-111140</subfield>
    <subfield code="r">2015-05-23 00:00:00</subfield>
    <subfield code="t">1</subfield>
    <subfield code="v">300.00</subfield>
    <subfield code="w">2016-09-15</subfield>
    <subfield code="y">HN</subfield>
  </datafield>
</record>
